Number Theory and Trigonometry Sem-II BA/B.Sc-I (Record no. 9185)
[ view plain ]
| 000 -LEADER | |
|---|---|
| fixed length control field | 00353nam a22001337a 4500 |
| 003 - CONTROL NUMBER IDENTIFIER | |
| control field | OSt |
| 008 - FIXED-LENGTH DATA ELEMENTS--GENERAL INFORMATION | |
| fixed length control field | 201119b ||||| |||| 00| 0 eng d |
| 100 ## - MAIN ENTRY--PERSONAL NAME | |
| Personal name | Jain, M L and Others |
| 245 ## - TITLE STATEMENT | |
| Title | Number Theory and Trigonometry Sem-II BA/B.Sc-I |
| 250 ## - EDITION STATEMENT | |
| Edition statement | 21th ed |
| 260 ## - PUBLICATION, DISTRIBUTION, ETC. (IMPRINT) | |
| Place of publication, distribution, etc | New Delhi |
| Name of publisher, distributor, etc | Jeevanson |
| Date of publication, distribution, etc | 2020 |
| 650 ## - SUBJECT ADDED ENTRY--TOPICAL TERM | |
| Topical term or geographic name as entry element | B.Sc Non Medical |
| 942 ## - ADDED ENTRY ELEMENTS (KOHA) | |
| Source of classification or shelving scheme | Dewey Decimal Classification |
| Koha item type | Text Books |
| 942 ## - ADDED ENTRY ELEMENTS (KOHA) | |
| -- | 1 |
| Withdrawn status | Lost status | Source of classification or shelving scheme | Damaged status | Not for loan | Collection code | Home library | Current library | Date acquired | Source of acquisition | Currency | Cost, normal purchase price | Bill Number | Total Checkouts | Acc. no. / Barcode | Date last seen | Actual Cost, discounted price | Bill Date | Koha item type | Date last borrowed |
|---|---|---|---|---|---|---|---|---|---|---|---|---|---|---|---|---|---|---|---|
| Dewey Decimal Classification | B.Sc Non Medical | PIET NCR College Library | PIET NCR College Library | 19/11/2020 | Kirti Prakashan | IN Rupees | 260.00 | IN397 | N389 | 19/11/2020 | 221.00 | 31/08/2020 | Reference Books | ||||||
| Dewey Decimal Classification | B.Sc Non Medical | PIET NCR College Library | PIET NCR College Library | 19/11/2020 | Kirti Prakashan | IN Rupees | 260.00 | IN397 | 1 | N390 | 29/11/2021 | 221.00 | 31/08/2020 | Text Books | 16/11/2021 | ||||
| Dewey Decimal Classification | B.Sc Non Medical | PIET NCR College Library | PIET NCR College Library | 19/11/2020 | Kirti Prakashan | IN Rupees | 260.00 | IN397 | N391 | 19/11/2020 | 221.00 | 31/08/2020 | Text Books | ||||||
| Dewey Decimal Classification | B.Sc Non Medical | PIET NCR College Library | PIET NCR College Library | 19/11/2020 | Kirti Prakashan | IN Rupees | 260.00 | IN397 | N392 | 19/11/2020 | 221.00 | 31/08/2020 | Text Books | ||||||
| Dewey Decimal Classification | B.Sc Non Medical | PIET NCR College Library | PIET NCR College Library | 19/11/2020 | Kirti Prakashan | IN Rupees | 260.00 | IN397 | N393 | 19/11/2020 | 221.00 | 31/08/2020 | Text Books |